000 00849nam a2200229 i 4500
001 81777
003 ES-MaACL
005 20250702063048.0
007 t|
008 041108s1982 sp ||||1| spa d
100 1 _aHumboldt, Alexander von,
_d1769-1859
_964715
245 1 0 _aDel Orinoco al Amazonas
_b: viaje a las regiones equinocciales del nuevo continente /
_cAlejandro Humboldt ; [traducción de la 2ª ed. alemana por Francisco Payarols ; revisada por Augusto Panyella].
260 _a[Barcelona] :
_bGuadarrama,
_c[1982]
300 _aVII, 396 p. ;
_c18 cm.
490 1 _aPunto Omega
651 4 _aAmérica del Sur-
_xDescripción.
_97712
700 1 _aPayarols, Francisco.
_989715
700 1 _aPanyella, Augusto.
_988831
830 0 _aPunto Omega
_9180707
852 _aES-MaACL
_jL-3999
_bR.104533
999 _c81777
_d81777